Responses for Show #1121 - Monday, June 19, 1989

Cathy Boggs game 2.

Contestants

[<< previous game]

Alina Lopo, a university professor originally from Havana, Cuba

Steve Schneider, an attorney originally from Brooklyn, New York

Cathy Boggs, a telecommunications policy analyst originally from Appleton, Wisconsin (whose 1-day cash winnings total $5,500)

[next game >>]

Jeopardy! Round responses

WORLD HISTORY
GRAMMAR
ASTRONOMY
CELEBRITY MARRIAGES
POT LUCK
THE FOOT
    $100 9
(Alina: What is go down in infamy?)

live in infamy

SteveAlina
    $100 18
question mark

Alina
    $100 4
dwarves

Alina
    $100 1
Bing Crosby

Steve
    $100 22
F.M.

Steve
    $100 13
arch

Cathy
    $200 10
Poland

Alina
    $200 23
I

Alina
    $200 5
(Cathy: What is refracting?)

reflecting

CathyAlina
    $200 2
Dorothy Hamill

Cathy
    $200 27
(Cathy: Who is Princess Margaret?)
(Alina: Who is Princess Anne?)

Beatrice

CathyAlina
Triple Stumper
    $200 15
Achilles tendon

Cathy
    $300 14
Spanish Armada

Alina
    $300 24
under

Alina
    $300 6
the moon

Cathy
    $300 3
Butch Cassidy and the Sundance Kid

Alina
    $300 28
bury

Cathy
    $300 19
bipedal

Alina
    $400 16
War of the Roses

Cathy
    $400 25
colon

Cathy
    $400 11
(Cathy: What is the [*]?)
(The response by Cathy was ruled incorrect and the decision was reversed after the break.)

cosmos or universe

CathyAlina
    $400 7
Debbie Reynolds

Cathy
    $400 29
Ark of the Covenant

Steve
    $400 20
cuneiform

Alina
    $500 17
Georges Clemenceau

Steve
    $700 26
comma

Cathy
    $500 12
(Alina: What is a [*]?)
(Alex: Be more specific.)

supernova

Alina
    $500 8
Billie Burke

Steve
    $500 30
Hope diamond

Cathy
    $500 21
opposable

Cathy

Scores at the first commercial break (after clue 14):

Cathy Steve Alina
$1,200 $700 $1,900

Scores at the end of the Jeopardy! Round:

Cathy Steve Alina
$4,000 $1,700 $3,000

Double Jeopardy! Round responses

STATE HOLIDAYS
MUSICALS
CHINA
FAMOUS ALICES
FICTION
AIRPORT DESIGNATIONS
(Alex: You have to identify the city.)
    $200 21
Jefferson Davis

Steve
    $200 8
No, No, Nanette

Steve
    $200 22
tea

Alina
    $200 20
Alice Kramden

Cathy
    $200 10
Ivanhoe

Alina
    $200 17
Atlanta

Cathy
    $400 23
(Alina: What is Washington?)

Vermont

CathyAlina
    $400 7
Les Miserables

Cathy
    $400 25
(2 of) Yangtze, Yellow & Huai

Triple Stumper
    $400 19
Alice Cooper

Cathy
    $400 9
John Steinbeck

Steve
    $400 14
San Francisco

Steve
    $600 24
Lyndon Johnson

Steve
    $1,500 4
Strike Up the Band

Steve
    $600 28
[The end-of-round signal sounds.]

Cathay

Steve
    $600 15
Alice's Restaurant

Cathy
    $600 1
Molly Bloom

Steve
    $600 13
(Alina: What is [*]?)
(Alex accepted Alina's response without incident other than adding the proper response.)

LaGuardia (New York)

Alina
    $800 26
Tennessee

Cathy
    $800 5
Sidney Sheldon

Cathy
    $800 16
Alice B. Toklas

Alina
    $800 2
(Nathaniel) Hawthorne

Cathy
    $800 12
Phoenix

Alina
    $1,000 27
Arbor Day

Cathy
    $1000 6
Legs Diamond

Steve
    $1000 18
Alice Faye

Steve
    $1000 3
Honore de Balzac

Steve
    $1000 11
Detroit

Cathy

Scores at the end of the Double Jeopardy! Round:

Cathy Steve Alina
$10,600 $9,200 $5,200

[wagering suggestions for these scores]

Final Jeopardy! Round responses

CHILDREN'S LITERATURE
AlinaWhat are buttons?
$2,000
Steve?
$1,400
CathyWhat is Winkin Blinkin, and Nod?
$10,000
Wynken, Blynken, and Nod

Final scores:

Cathy Steve Alina
$20,600 $7,800 $3,200
2-day champion: $26,100 2nd place: a trip to Monterey, California 3rd place: Revereware cookware

Game dynamics:

Coryat scores:

Cathy Steve Alina
$10,400 $8,300 $5,200
23 R
(including 2 DDs),
2 W
17 R
(including 1 DD),
0 W
17 R,
3 W

Combined Coryat: $23,900

[game clues] [game scores] [suggest correction]

Game tape date: 1989-02-14
The J! Archive is created by fans, for fans. Scraping, republication, monetization, and malicious use prohibited; this site may use cookies and collect identifying information. See terms. The Jeopardy! game show and all elements thereof, including but not limited to copyright and trademark thereto, are the property of Jeopardy Productions, Inc. and are protected under law. This website is not affiliated with, sponsored by, or operated by Jeopardy Productions, Inc. Join the discussion at JBoard.tv.